AU LIBRARIES
Centralized Library System Across Seven Campuses

Principles Of Language Learning And Teaching (Record no. 47455)

MARC details
000 -LEADER
fixed length control field 00477nam a2200169 4500
005 - DATE AND TIME OF LATEST TRANSACTION
control field 20260430120521.0
008 - FIXED-LENGTH DATA ELEMENTS--GENERAL INFORMATION
fixed length control field 260430b |||||||| |||| 00| 0 eng d
020 ## - INTERNATIONAL STANDARD BOOK NUMBER
ISBN 9780133041941
082 ## - DEWEY DECIMAL CLASSIFICATION NUMBER
Classification number 418.0071
Author Mark BRO-P
100 ## - MAIN ENTRY--AUTHOR
Author Name Brown H. Douglas
245 ## - TITLE STATEMENT
Title Principles Of Language Learning And Teaching
Sub-Title A Course In Second Language Acquisition
250 ## - EDITION STATEMENT
Edition statement 6th Ed.
Edition Volume 06
260 ## - PUBLICATION, DISTRIBUTION, ETC.
Place of Publication USA
Name of publisher, distributor, etc. Pearson Education Press
300 ## - PHYSICAL DESCRIPTION
Pages 402p
650 ## - SUBJECT ADDED ENTRY--TOPICAL TERM
Subject / Department English
942 ## - ADDED ENTRY ELEMENTS (KOHA)
Koha item type Book
Holdings
Withdrawn status Lost status Damaged status Not for loan Collection code Permanent Location Current Location Shelving Location Date acquired Source of acquisition Inventory number Total Checkouts Full Call Number Accession No./Barcode Date last seen Koha item type
        English Air University H-11 Campus Islamabad Air University H-11 Campus Islamabad English Literature 04/27/2026 Ali Book Services AUH11-01   418.0071 BRO-P AUHEP0075 04/30/2026 Book
Air University Sector E-9, Islamabad Pakistan
Email: librarian@au.edu.pk  Tel : +0092 51 9262612 Ext: 631